| 000 | 00991cam a2200277 4500 | ||
|---|---|---|---|
| 001 | ABS62879 | ||
| 008 | 000000n2000 000 0 eng u | ||
| 035 | _a(Sirsi) u108678 | ||
| 100 | _aAdair, A. | ||
| 245 | _aHouse prices and accessibility: the testing of relationships within the Belfast urban area | ||
| 260 | _c2000 | ||
| 490 |
_aHousing Studies _v15(5) September 2000, 699-716(9) |
||
| 520 | _aFocuses on factors affecting the price structure of residential property in Belfast. Examines the influence of property characteristics, social and economic factors and the impact of accessibility. References. | ||
| 590 | _aABS | ||
| 650 | _aBELFAST | ||
| 650 | _aNORTHERN IRELAND | ||
| 650 | _aHOUSE PRICES | ||
| 650 | _aURBAN AREAS | ||
| 650 | _aPROPERTY TRANSACTIONS | ||
| 650 | _aRESEARCH | ||
| 650 | _aSUSTAINABLE CITIES | ||
| 650 | _aHEDONIC PRICING | ||
| 690 | _aPROPERTY-RESIDENTIAL PROPERTY-RESIDENTIAL PROPERTY MARKET | ||
| 700 | _aMcGreal, S. | ||
| 942 | _n0 | ||
| 999 |
_c64882 _d64882 |
||